000
00362nam a2200169Ia 4500
003
0STCL
008
150530s9999 xx 000 0 und d
040
_a
STCL
_c
STCL
100
_a
Harivamsh Tarun
245
_a
Pramanik Paryavachi Kosh
260
_c
2011
300
_a
0
546
_a
Hindi
942
_2
ddc
_c
BK
999
_c
17628
_d
17628
005
20220125165812.0